| 000 | 01106nam a22002537a 4500 | ||
|---|---|---|---|
| 003 | BD-DhSAU | ||
| 005 | 20181202151159.0 | ||
| 008 | 160419b2016 bg ||||| |||| 001 0 eng d | ||
| 040 | _aBD-DhSAU | ||
| 082 |
_222 _a338.1 _bAm54 |
||
| 100 |
_aAmin , Md. Ruhul _eRegistration #09-03395 |
||
| 245 |
_aAnalysis of Credit management policy and performance
of Janata bank limited: A study in the corporate branch
of Shyamoli, Dhaka /
_bMS thesis _cAmin , Md. Ruhul |
||
| 260 |
_aSher-e-Bangla Agricultural Uniersity : _bDepartment of Agricultural Economics, _c2016 |
||
| 300 |
_avi, 67p. : _bill. ; _c30 cm. |
||
| 500 | _aMS thesis, Department of Agricultural Economics, Faculty of Agriculture, Sher-e-Bangla Agricultural University, Dhaka, Bangladesh | ||
| 590 | _aShofi | ||
| 650 | _aEconomic | ||
| 650 | _aCredit management policy | ||
| 650 | _aPerformance | ||
| 650 |
_aJanata bank limited _zCorporate branch of Shyamoli, Dhaka |
||
| 700 |
_aBegum , Rokeya _eSupervisor |
||
| 856 |
_uhttp://archive.saulibrary.edu.bd:8080/xmlui/handle/123456789/1866 _yOnline Access |
||
| 942 |
_2ddc _cTHESIS |
||
| 999 |
_c14122 _d14121 |
||